000 01044nam a22003257a 4500
003 CHAP
005 20220329135635.0
008 971013s1954 r 00010 d
010 _a39781
011 _a40753
035 _a44879
040 _cCHAP
082 _a311.2
_bF58sY
100 0 0 _aFisher, Ronald A.
_941112
245 _aTabals estadísticas para investigadores científicos, económicos, agronómicos y médicos
250 _a3 ed.
260 _aMadrid :
_bAguilar,
_c1954
300 _a131 p.
590 _aBATCH-UPD
_b10
_c20130110
_lUCH01
_h0134
590 _aBATCH-UPD
_b10
_c20130110
_lUCH01
_h2152
590 _aBATCH-UPD
_b10
_c20130410
_lUCH01
_h1500
590 _aBATCH-UPD
_b10
_c20130914
_lUCH01
_h1324
590 _aCONVERSION
_b10
_c20130109
_lUCH01
_h1322
650 1 4 _aEstadística
_xTablas.
_938257
700 0 _aYates, Frank.
_9123015
901 _aBK
942 _cLIBRO
949 _a311.2 F58sY
_bBC
_cLIBRO
_d33724000304788
_eLIBRO
_fc.2
_i44879
_si
949 _a311.2 F58sY
_bBC
_cLIBRO
_d33724000304796
_eLIBRO
_i44879
_si
999 _c39781
_d39781